01620nam a2200409 i 4500001000700000003000800007005001700015006001900032007001500051008004100066020003300107020002700140035002200167040003100189050002400220080000700244082001500251100004000266245007100306264005400377300002500431336003100456337003300487338004300520588008300563590016200646610008600808650004600894650004200940650004400982650003301026650002401059655002701083797001801110856006301128999001901191128395FINmELB20241217180108.0m o u cr cn|||||||||230314s2022 ck o 000 0 spa d a9789582604967qelectrónico z9789582604943qimpreso a(OCoLC)1373950399 aFINmELBbspaerdacFINmELB 4aB2799.E8bS238 2022 a1704a170.922231 aSánchez Torres, Fernando,eautor.10aMeditaciones de un nonagenario /cautor Fernando Sánchez Torres. 1aBogotá :bEdiciones Universidad Central,c2022. a1 recurso en línea atextobtxt2rdacontent/spa acomputadorabc2rdamedia/spa arecurso en líneabcr2rdacarrier/spa aDescripción basada en metadatos suministrados por el editor y otras fuentes. aRecurso electrónico. Santa Fe, Arg.: elibro, 2023. Disponible vía World Wide Web. El acceso puede estar limitado para las bibliotecas afiliadas a elibro.24aComité Institucional de Publicaciones. Universidad Central (Bogotá, Colombia) 4aBiografíaxAspectos morales y éticos. 4aCienciaxAspectos morales y éticos. 4aEutanasiaxAspectos morales y éticos. 4aMuertexAspectos religiosos. 4aReligión y moral. 4aLibros electrónicos.2 aelibro, Corp.40uhttps://elibro.net/ereader/politecnicointernacional/219041 c128395d128395